Escultura africana no Museu de Etnologia do Ultramar. (Record no. 184935)
[ view plain ]
| 000 -LEADER | |
|---|---|
| fixed length control field | 00664cam8a220020500 4500 |
| 001 - CONTROL NUMBER | |
| control field | qcf00154929 |
| 005 - DATE AND TIME OF LATEST TRANSACTION | |
| control field | 20190830103823.0 |
| 008 - FIXED-LENGTH DATA ELEMENTS--GENERAL INFORMATION | |
| fixed length control field | 740220s1968 po por u |
| 035 ## - SYSTEM CONTROL NUMBER | |
| System control number | (Sirsi) r25384 |
| 035 ## - SYSTEM CONTROL NUMBER | |
| System control number | (QCAT)lss00532429 |
| 035 ## - SYSTEM CONTROL NUMBER | |
| System control number | (UPRA)qcf00154929 |
| 040 ## - CATALOGING SOURCE | |
| Modifying agency | UPRA |
| 110 2# - MAIN ENTRY--CORPORATE NAME | |
| Corporate name or jurisdiction name as entry element | Museu de Etnologia do Ultramar (Portugal) |
| Linkage | A88757.1 |
| 245 10 - TITLE STATEMENT | |
| Title | Escultura africana no Museu de Etnologia do Ultramar. |
| 260 ## - PUBLICATION, DISTRIBUTION, ETC. | |
| Place of publication, distribution, etc. | Lisboa : |
| Name of publisher, distributor, etc. | Junta de Investigacoes do Ultramar, |
| Date of publication, distribution, etc. | 1968. |
| 504 ## - BIBLIOGRAPHY, ETC. NOTE | |
| Bibliography, etc. note | Includes bibliographical references. |
| 650 #0 - SUBJECT ADDED ENTRY--TOPICAL TERM | |
| Topical term or geographic name entry element | Sculpture, African. |
| Linkage | S3741.1 |
| 949 ## - LOCAL PROCESSING INFORMATION (OCLC) | |
| a | NB1080 |
| w | lcc |
| i | -25500 |
| m | MAIN |
| t | BOOK |
| l | ON-SHELF |
No items available.